000 00323pab a2200145 454500
008 180718b1986 xxu||||| |||| 00| 0 eng d
100 _aMohan Rao, I. Rama
245 _aNational media policy
260 _c1986
300 _a16-18
362 _a26 Apr.
650 _aMass Media
773 _aMainstream
909 _a13304
999 _c13304
_d13304